guess the NFL player - Statistics

General Stats
  • This quiz has been taken 4,888 times
    4,885 since last reset
  • The average score is 11 of 15
Answer Stats
Hint Answer % Correct
1-Panthers Cam Newton
97%
2-Falcons Matt Ryan
91%
87-Patriots Rob Gronkowski
88%
18-Broncos Peyton Manning
87%
9-Lions Matthew Stafford
85%
28-Vikings Adrian Peterson
84%
11-Cardinals Larry Fitzgerald
81%
17-Chargers Phillip Rivers
80%
10-Redskins Robert Griffin III
72%
83-Patriots Wes Welker
68%
28-Titans Chris Johnson
67%
25-Eagles Lesean McCoy
66%
23-Texans Arian Foster
59%
15-Jets Tim Tebow
38%
17-Steelers Mike Wallace
35%
No matching quizzes found
Score Distribution
Percent of People with Each Score
Percentile by Number Answered
Your Score History
You have not taken this quiz since the last reset